Schamanismus, Techno und Cyberspace : von "natürlichen" und "künstlichen" Paradiesen /

Disimpan dalam:
Butiran Bibliografi
Pengarang Utama: Rätsch, Christian, 1957-
Pengarang Korporat: Julio Mario Santo Domingo Collection.
Format: Buku
Bahasa:German
Diterbitkan: Solothurn : Nachtschatten, c2001.
Edisi:Erw. und aktualisierte Ausg.
Subjek-subjek:
Penanda-penanda: Tambah Penanda
Tiada Penanda, Jadilah orang pertama menanda rekod ini!
LEADER 01388cam a2200349Ia 4500
001 008975741-6
005 20160307142453.0
008 041127s2001 sz a b 000 0 ger d
020 |a 3907080602 
035 0 |a ocm57065757 
040 |a TEF  |c TEF  |d HLS 
090 |a T14.5  |b .R38 2001 
100 1 |a Rätsch, Christian,  |d 1957- 
245 1 0 |a Schamanismus, Techno und Cyberspace :  |b von "natürlichen" und "künstlichen" Paradiesen /  |c Christian Rätsch. 
246 1 4 |a Shamanismus, Techno und Cyberspace 
250 |a Erw. und aktualisierte Ausg. 
260 |a Solothurn :  |b Nachtschatten,  |c c2001. 
300 |a 62 p. :  |b ill. ;  |c 15 cm. 
500 |a A duplicate copy of this title was part of the Julio Mario Santo Domingo Collection, but was not retained. 
500 |a "Originaltext erschien erstmals 1998 ... im Buch "Welten des Bewusstseins" ... Bd. 9: Religion - Mystik - Schamanismus, Hrsg. von Ch. Scharfetter & Ch. Rätsch ... "--T.p. verso. 
504 |a Includes bibliographical references (p. 54-59). 
650 0 |a Technology  |x Social aspects. 
650 0 |a Technology  |x Religious aspects. 
650 0 |a Technology and youth. 
650 0 |a Computers  |x Social aspects. 
650 0 |a Shamanism. 
650 0 |a Subculture. 
650 0 |a Cybernetics. 
650 0 |a Hallucinogenic drugs. 
710 2 |a Julio Mario Santo Domingo Collection.  |5 wid 
988 |a 20021025 
906 |0 OCLC